000 00476nam a2200181Ia 4500
005 20250423095406.0
008 250422s9999 xx 000 0 und d
020 _a9780471196532
050 _aHF 5386 .G76/
100 _aGross, Daniel
245 0 _aForbes greatest business stories of all time
260 _aNew York
260 _bJohn Wiley & Sons
260 _c1996
300 _a362 p
650 _aSuccess in business--United States--Case studies.
942 _cBK
999 _c30135
_d30135